| 000 | 00690cam a22002171 4500 | ||
|---|---|---|---|
| 001 | ne 68002358 | ||
| 003 | DLC | ||
| 005 | 20260227111843.0 | ||
| 008 | 850405s1967 tu a 000 0 tur | ||
| 010 | _ane 68002358 | ||
| 035 | _a(OCoLC)11890157 | ||
| 040 |
_aDLC _cCLU _dCLU _dDLC |
||
| 042 | _apremarc | ||
| 050 | 0 | 0 |
_aNK1465 _b.U363 |
| 100 | 1 |
_aÜnver, A. Süheyl _q(Ahmet Süheyl), _d1898-1986. |
|
| 245 | 1 | 0 |
_a50 Türk motifi. _c[Hazirlayan] A. Süheyl Ünver. |
| 260 |
_aIstanbul, _bDog̈an Kardeş Yayinlari _c[1967?] |
||
| 300 |
_axii, [31] p. _b(chiefly illus. (part col.) _c28 cm. |
||
| 650 | 0 |
_aDecoration and ornament _zTurkey. |
|
| 650 | 0 |
_aDecoration and ornament _xPlant forms. |
|
| 999 |
_c50500 _d50500 |
||